000 003050000a22001450004500
003 MACL
040 _aMACL
090 _c46139
_d46137
100 _aAgarwal, Prafull K
245 _aAIEEE Mathematics
260 _bArihant prakashan
_c2011
350 _a610
650 _aMathematics
942 _cBOOK
_k510
999 _c45661
_d45661